000 00367nam a22001577a 4500
020 _a0-439-15421-9
082 _a823
_bWES/P
100 _aWEST, TRACEY
245 _aPOKEMON
_bCHARIZARD FO
246 _aPOKEMON
_bCHARIZARD FO
260 _aLONDON
_bSCHOLASTIC CHILDREN'S BOOKS
_c2000
300 _a88
520 _aSHORT STORY
650 _aSHORT STORY
942 _cBK
999 _c3153
_d3153